[Event "SVK Extraliga 2019-20"]
[Site "Slovakia"]
[Date "2020.09.04"]
[Round "9"]
[White "Danada, Tomas"]
[Black "Motycakova, Monika"]
[Result "1-0"]
[WhiteElo "2323"]
[BlackElo "2129"]
[Annotator "TA"]
[PlyCount "209"]
[EventDate "2019.10.19"]
[EventType "team-tourn"]
[EventCountry "SVK"]
[SourceTitle "playchess.com"]
[Source "ChessBase"]
[SourceQuality "1"]
[WhiteTeam "Prakovce"]
[BlackTeam "Liptovska"]

{[%evp 15,209,0,0,0,0,0,0,0,0,0,0,0,40,34,240,251,359,139,137,68,74,-62,83,-35,-23,-24,-18,-29,-42,-27,0,0,0,0,0,0,0,0,0,0,0,0,0,-78,-80,-80,190,190,189,183,183,183,183,183,183,183,183,183,181,106,106,106,128,128,128,128,128,128,128,128,128,128,128,128,128,128,135,71,100,100,100,100,100,100,100,100,100,100,100,100,100,100,100,100,100,100,100,100,100,30,100,100,100,100,100,100,100,0,100,100,100,71,100,71,100,71,71,0,86,71,71,71,71,71,79,79,79,79,79,79,79,0,79,0,79,79,86,86,86,86,86,86,86,86,86,86,86,86,86,86,12832,0,86,86,86,86,86,86,86,86,12825,0,12841,12840,12841,12841,12841,12842,12842,12843,12845,12846,12846,12847,12849,12844,12845,0,12849,12849,12850,27999,12851,27999,12851,27997,27998,27998,27999,27998,27999,27999,27998,27999,27999,27999]} 1. Nf3 d5 2. d4 Nf6 3. c4 c6 4. Nc3 e6 5. g3 dxc4 6. Bg2 b5 7. O-O Nbd7 8. e4 Bb7 9. e5 {E01: Catalan: Early deviations.} Nd5 10. Ng5 Be7 11. Qh5 $1 {[%csl Gg5][%cal Rh5f7] The position is equal.} g6 12. Qh6 Bf8 13. Qh3 Nxc3 14. bxc3 {[#]} Bg7 $146 (14... Be7 $14 15. Ne4 (15. Nxh7 $2 Nf8 $19) 15... h5) ({Predecessor:} 14... Be7 15. Ne4 Nb6 16. Bg5 Bxg5 17. Nd6+ Qxd6 18. exd6 Bd2 19. a4 bxa4 20. Ra3 Bg5 21. Qg4 Bd8 22. Rb1 O-O 23. Qd1 Bf6 24. Rxa4 Rfd8 25. Ra5 Rxd6 26. Qc1 {1-0 (26) Ovetchkin,R (2548)-Kengis,E (2543) Abu Dhabi 2009}) 15. a4 $1 $18 {[%cal Ra4b5][%mdl 1024] White has strong compensation.} a6 {[#]} (15... b4 $142 16. Ne4 (16. cxb4 Nb6 $16) 16... O-O) 16. Ne4 $2 (16. Nxe6 $1 $18 {[%mdl 512] and White stays clearly on top.} fxe6 17. Bxc6 $1 {[%mdl 576] Decoy} Bxc6 18. Qxe6+ {[%mdl 64] Double Attack} Qe7 19. Qxc6 {[%mdl 64] Double Attack}) 16... O-O $16 17. Bg5 (17. Bh6 $16) 17... Qc7 $14 18. Rfe1 (18. Be7 $16) 18... Rfb8 (18... c5 $15 {keeps the upper hand.}) 19. Nf6+ ({White should try} 19. Be7 $16) 19... Nxf6 $1 $15 20. exf6 Qd8 $1 21. Bf4 ({Of course not} 21. fxg7 Qxg5 22. f4 Qf6 $17) 21... Bxf6 22. Bxb8 Qxb8 (22... Rxb8 {keeps more tension.} 23. axb5 axb5 24. Qg4 Kg7 25. Qf4 c5) 23. Qg4 c5 (23... Kg7 {looks sharper.} 24. Qe4 h5 25. axb5 axb5 26. Rxa8 Qxa8 27. Rb1 Qa5) 24. axb5 axb5 {Threatens to win with ...cxd4.} 25. Rxa8 $1 Qxa8 26. Bxb7 Qxb7 $11 {[%mdl 4096] Endgame KQR-KQB} 27. Qf4 Kg7 {...cxd4 is the strong threat.} 28. dxc5 Bxc3 29. Rb1 (29. Rd1 $11) 29... Qd5 $17 30. Qd6 b4 $2 {[%mdl 8192]} (30... Qe4 $1 $17 {[%cal Re4b1] and life is bright.} 31. Rf1 h5) 31. Qxd5 $18 exd5 {KR-KB} 32. c6 {Strongly threatening c7.} Be5 33. Rxb4 c3 {aiming for ...c2.} 34. Rb5 Bd6 35. c7 $1 {[%cal Rc7c8]} Bxc7 36. Rxd5 Kf6 37. Rd7 ({Better is} 37. Rd3 $18) 37... Be5 $16 38. Rd8 Ke6 39. Kf1 g5 40. Ke2 g4 41. Kd3 Kf5 42. Rd7 Ke6 43. Ra7 h5 44. Ra6+ Kf5 45. Ra5 Ke6 46. h4 (46. Ra7 $142) 46... Kf5 47. Ra6 f6 48. Rc6 Kg6 49. Ke4 Kf7 50. Kf5 Kg7 51. Rc4 $1 Kf7 52. Ra4 Kg7 53. Rb4 Kh7 54. Rc4 Kg7 55. Ra4 Kh7 56. Ra8 Kg7 57. Rc8 (57. Ra1 $16) 57... Kf7 (57... Bd4 $11) 58. Rh8 Kg7 59. Rd8 Kh7 60. Ke6 Kg7 61. Kf5 Kh7 $1 62. Ke4 Kg6 63. Kd3 Kg7 64. Rc8 Kg6 65. Rh8 f5 {[#]} 66. Rg8+ (66. Rf8 $1 $16) 66... Bg7 (66... Kf6 $1 $11 {remains equal.}) 67. Rc8 Be5 68. Rc6+ Kg7 69. Ke3 Kf7 70. Rh6 Bf6 {[#]} 71. Rh7+ $1 Kg6 72. Rc7 {Black must now prevent Kf4.} (72. Rb7 {is more complex.} Bg7 73. Rb6+ Kf7 74. Rb5 Ke6 75. Kd3) 72... Be5 73. Rc6+ (73. Rc5 {looks sharper.} Kf6 74. Ra5 Ke6 75. Kd3 Kf6 76. Ra6+) 73... Kf7 74. Kd3 Kg7 75. Re6 Bf6 76. Re2 Kf7 77. Kc4 Bg7 78. Kd5 Bh6 {And now ...Bd2 would win.} 79. Rc2 Bg7 80. Ra2 Kf6 81. Ra6+ Kf7 82. Rc6 Ke7 $2 {[%mdl 8192]} (82... Bf6 $16 83. Rb6 Bh8) 83. Ra6 $2 (83. Rc7+ $18 Kf6 84. Rxc3) 83... Kf7 $1 84. Ra7+ {White now steadily converts the win.} Kf6 85. Rc7 Kg6 86. Ke6 Bd4 87. Rc6 Bxf2 $2 {[%mdl 8192]} (87... Bf6 $16 88. Kd5 Kg7 89. Rc7+ Kg6) 88. Ke5+ $2 (88. Rxc3 $18 {Hoping for Ke5.} Be1 89. Ra3) 88... Kf7 $2 {[%mdl 8192]} (88... Kg7 $11) 89. Rxc3 Kg6 90. Rc6+ Kg7 91. Kf4 Be1 92. Re6 Bf2 93. Re2 Bc5 94. Kxf5 Bd6 95. Re3 Bb4 96. Re2 Bd6 97. Kg5 Bxg3 98. Kxh5 Bf4 99. Re4 Bc1 100. Rxg4+ Kh7 {White mates.} 101. Rc4 Bb2 102. Rc7+ Bg7 103. Kg5 Kg8 104. Kg6 Kh8 105. Rc8+ {Accuracy: White = 78%, Black = 73%.} 1-0

[Event "SVK Extraliga 2019-20"]
[Site "Slovakia"]
[Date "2020.09.04"]
[Round "9"]
[White "Schwarz, Dusan"]
[Black "Veres, Andrej"]
[Result "1-0"]
[WhiteElo "2297"]
[BlackElo "2229"]
[Annotator "TA"]
[PlyCount "109"]
[EventDate "2019.10.19"]
[EventType "team-tourn"]
[EventCountry "SVK"]
[SourceTitle "playchess.com"]
[Source "ChessBase"]
[SourceQuality "1"]
[WhiteTeam "Modra"]
[BlackTeam "Dubnica"]

{[%evp 11,109,20,19,-13,-1,-7,34,27,23,36,27,22,27,29,34,29,36,0,0,0,0,0,0,0,58,53,57,50,122,-8,48,-88,30,38,125,81,86,83,154,141,205,192,223,216,218,202,212,202,269,276,285,268,280,267,304,306,289,266,338,354,397,367,425,420,481,473,412,459,401,366,355,343,487,416,568,599,670,642,787,783,773,714,631,501,966,381,1006,995,1502,1506,1288,1273,29938,10294,8424,6191,29983,29984,29984,29985]} 1. d4 Nf6 2. c4 e6 3. Nc3 d5 4. Bg5 Be7 5. Nf3 O-O 6. Qc2 Nbd7 7. O-O-O {D53: Queen's Gambit Declined: 4 Bg5 Be7: Early deviations.} c6 (7... c5 {looks sharper.} 8. Kb1 b6 9. h4 Bb7 10. cxd5 Nxd5 11. Nxd5 exd5 12. e3 Rc8) 8. e4 Nxe4 9. Nxe4 {White is slightly better.} dxe4 10. Bxe7 Qxe7 11. Qxe4 Nf6 12. Qh4 c5 13. Bd3 Qc7 14. Rhe1 {[#]} b5 $146 ({Predecessor:} 14... cxd4 15. Ne5 b5 16. c5 Qxc5+ 17. Kb1 h6 18. g4 Nd7 {1-0 (33) Laznicka,V (2594)-Andriasian,Z (2540) Polanica Zdroj 2007}) 15. Re5 cxd4 16. Rxb5 Ba6 17. Rg5 {Hoping for Rxg7+!} g6 (17... Bxc4 $11 18. Rxg7+ Kxg7 19. Qg5+ Kh8 $1 {[%mdl 512]} 20. Qxf6+ {[%mdl 64] Double Attack} Kg8 $1 {[%mdl 512]} 21. Qg5+ Kh8 $1 {[%mdl 512]} 22. Qf6+ {[%mdl 64] Double Attack} Kg8 $1 {[%mdl 512]} 23. Qg5+ Kh8 $1 {[%mdl 512]} 24. Qf6+ {[%mdl 64] Double Attack}) 18. Qxd4 $14 Rfd8 19. Qe5 $36 {[%mdl 2048] Black is under pressure.} Qc8 ({Black should try} 19... Qe7 $14) 20. Qc3 ({Reject} 20. Qxf6 $6 Rxd3 21. Rxd3 Qxc4+ 22. Rc3 Qf1+ 23. Kc2 Qxf2+ 24. Kc1 (24. Kb1 Qf1+ 25. Kc2 Qf2+ 26. Kb1 Qf1+ 27. Kc2 Qf2+ $11) 24... Qf1+ 25. Kd2 (25. Kc2 Qf2+ 26. Kb1 Qf1+ 27. Kc2 Qf2+ $11) 25... Qf2+ 26. Kd1 Qf1+ 27. Kd2 (27. Kc2 Qf2+ 28. Kc1 Qf1+ 29. Kd2 Qf2+ 30. Kd1 Qf1+ 31. Kd2 $11) 27... Qf2+ 28. Kc1 Qf1+ 29. Kd2 $11 (29. Kc2 Qf2+ 30. Kb1 Qf1+ 31. Kc2 Qf2+ $11)) (20. b3 $16 Nd7 21. Qe3) 20... Qc7 (20... Rxd3 $1 $11 21. Qxd3 (21. Rxd3 Ne4 $11) 21... Bxc4) 21. Ra5 {[#]} (21. b3 $14 {stays ahead.} Nd5 22. Qe5) 21... Bb7 ({Better is} 21... Rxd3 $1 $17 22. Rxd3 Ne4 {[%mdl 64] Double Attack}) 22. Qe5 $11 Qxe5 (22... Rd6 $14 23. Rc5 Qd8) 23. Rxe5 Ng4 {White must now prevent ...Bxf3.} 24. Re2 f6 (24... Rac8 $142) 25. b3 Bxf3 (25... Kf7 $16 26. Red2 Ke7) 26. gxf3 $18 Ne5 27. Be4 Rxd1+ 28. Kxd1 {[%mdl 4096] Endgame KRB-KRN} Rc8 29. f4 Ng4 30. h3 Nh6 31. Rd2 Rc7 32. Kc2 Nf7 33. Kc3 Kf8 34. b4 f5 35. Bg2 Ke7 36. c5 h6 37. h4 g5 38. hxg5 hxg5 39. fxg5 Nxg5 40. Kc4 f4 41. Rd3 Kf6 (41... Nf7 $142 42. Kb5 Ne5) 42. b5 e5 43. Rd6+ Kf5 44. a4 f3 45. Bf1 Kf4 46. Rf6+ Kg4 47. Rg6 Kf4 (47... Kf5 $142 48. Rd6 Ne4) 48. Bd3 $2 (48. a5) 48... Nh3 $2 (48... e4) 49. Rf6+ Kg4 50. Bf5+ Kg5 51. Rc6 Kxf5 52. Rxc7 Nxf2 53. Rf7+ Ke4 54. c6 Nd1 55. c7 {Accuracy: White = 79%, Black = 33%.} 1-0

[Event "SVK Extraliga 2019-20"]
[Site "Slovakia"]
[Date "2020.09.04"]
[Round "9"]
[White "Holtman, Teodor"]
[Black "Pastir, Stanislav"]
[Result "1-0"]
[WhiteElo "2241"]
[BlackElo "2133"]
[Annotator "TA"]
[PlyCount "61"]
[EventDate "2019.10.19"]
[EventType "team-tourn"]
[EventCountry "SVK"]
[SourceTitle "playchess.com"]
[Source "ChessBase"]
[SourceQuality "1"]
[WhiteTeam "Snina"]
[BlackTeam "Kosice"]

{[%evp 13,61,16,21,-6,22,-18,17,-58,-15,-7,-29,-74,-22,-87,-83,-89,-37,-82,-65,-76,-78,-82,-48,-48,0,-62,0,0,32,24,34,35,436,438,443,454,436,431,436,442,457,450,975,760,29992,29993,29993,1042,29994,29995]} 1. e4 c5 2. Nc3 d6 3. Nf3 Nf6 4. d4 cxd4 5. Nxd4 a6 6. h3 e6 7. g4 b5 {7...Be7 is a critical line. Played by Liren Ding in July 2020.} 8. g5 {B81: Sicilian Scheveningen: Keres Attack.} Nfd7 9. f4 {[#]} Bb7 $146 ({Predecessor:} 9... h6 10. f5 Ne5 11. fxe6 Bxe6 12. Nxe6 fxe6 13. Bf4 Nbc6 14. Bxe5 Nxe5 15. Nxb5 axb5 16. Bxb5+ {0-1 (34) Rosa Ramirez,V (1978)-Ruiz Sanchez,R (1897) Madrid 2015}) 10. Bd3 (10. a3 $11) 10... Nc6 11. Nxc6 Bxc6 12. O-O Be7 (12... g6 $17) 13. Bd2 (13. Be3 $11 {keeps the balance.}) 13... Qb6+ $17 14. Kh2 Qb7 (14... b4 $17 15. Ne2 h6) 15. Qe2 b4 16. Nd1 Nc5 {[%cal Rc6e4]} 17. Nf2 Nxd3 18. cxd3 a5 19. Ng4 (19. f5 $11) 19... Bb5 ({Black should try} 19... O-O $15) 20. a4 $11 bxa3 21. Bc3 Qa6 22. Rf3 axb2 $2 {[%mdl 8192] [#] Black cannot hold the game after this.} (22... O-O $14) 23. Qxb2 $18 a4 {With the idea ...a3.} 24. Bxg7 Rg8 25. Nh6 Kd7 26. Nxg8 Rxg8 27. Bf6 Bxd3 (27... Re8 $142 28. Bxe7 Rxe7) 28. Rxa4 {[%mdl 64] [#] Rxd3 would kill now. Deflection} Qxa4 29. Qb7+ Kd8 30. Bxe7+ Ke8 31. Bf6 {Accuracy: White = 61%, Black = 35%.} 1-0

[Event "SVK Extraliga 2019-20"]
[Site "Slovakia"]
[Date "2020.09.04"]
[Round "9"]
[White "Rohacek, Miroslav"]
[Black "Pacher, Milan"]
[Result "0-1"]
[WhiteElo "2212"]
[BlackElo "2400"]
[Annotator "TA"]
[PlyCount "72"]
[EventDate "2019.10.19"]
[EventType "team-tourn"]
[EventCountry "SVK"]
[SourceTitle "playchess.com"]
[Source "ChessBase"]
[SourceQuality "1"]
[WhiteTeam "Osuske"]
[BlackTeam "Slovan"]

{[%evp 9,72,0,8,-8,10,16,27,6,16,21,19,7,9,5,7,-14,-17,-12,-7,0,4,0,1,12,6,11,54,9,12,-4,-10,-12,-10,-10,0,-91,-9,-88,0,-108,-108,-97,-106,-283,-218,-693,-481,-653,-658,-617,-270,-244,-189,-209,-173,-394,-387,-472,-489,-685,-679,-712,-693,-995,-956]} 1. Nf3 d5 2. e3 Nf6 3. c4 e6 4. d4 Bd6 5. Nc3 O-O 6. Bd3 {D30: Queen's Gambit Declined: Systems without Nc3.} dxc4 7. Bxc4 Nc6 8. e4 {Black must now prevent e5.White has an edge.} e5 9. d5 Ne7 10. h3 Ng6 11. Be3 a6 {[#]} 12. Qd2 $146 ({Predecessor:} 12. Be2 Bd7 13. Nd2 Qe7 14. a3 Rad8 15. Nc4 Bc5 16. g3 Ne8 17. h4 Bxe3 18. Nxe3 Nd6 19. h5 {1-0 (38) Radjabov,T (2751)-Skripchenko,A (2455) Cap d'Agde 2008}) 12... b5 13. Bd3 Bd7 14. O-O c6 15. dxc6 Bxc6 16. Rfd1 Bb4 17. a3 Ba5 18. Bc5 {next b4 is good for White.} Re8 19. Qe3 Bxc3 20. bxc3 Qc8 21. Nd2 Nf4 22. Bc2 {[#]} (22. Bf1 $11) 22... a5 (22... Bd7 $1 $17) 23. c4 (23. a4 $11) 23... N6h5 (23... Bd7 $17) 24. cxb5 (24. Bb3 $11 {keeps the balance.}) 24... Bxb5 $17 {aiming for ...Ra6.} 25. Bb3 {[#]} Ra6 $1 {[%cal Ra6g6] ...Rg6! is the strong threat.} 26. Nf3 $2 {Loses the game.} (26. Bxf7+ $17 Kxf7 27. Qb3+ Rae6 28. Qxb5) 26... a4 $40 {[%mdl 128] Black has strong attack.} 27. Ba2 $2 {[#]} (27. Bxf7+ Kxf7 28. Bd6) 27... Nxg2 $1 {[%mdl 512]} 28. Qg5 (28. Kxg2 Nf4+) 28... Ngf4 29. Qf5 Rg6+ ({Weaker is} 29... Qxc5 30. Bxf7+ Kh8 31. Bxe8 $17) (29... Ne2+ $142 30. Kh2 Qxc5 31. Bxf7+ Kf8 32. Bxh5+ Rf6) 30. Kh1 Qxf5 (30... Qxc5 31. Bxf7+ Kf8 32. Bxg6+ Nf6 33. Bxe8 $11) 31. exf5 Rf6 {Threatens to win with ...Bc6.} 32. Nxe5 $2 (32. Kh2 {was forced.}) 32... Rxe5 {[%mdl 64] Double Attack} 33. Bd4 Re2 {Black is clearly winning.} ({Resist} 33... Bc6+ 34. Kh2 $19) 34. Bxf6 (34. Rdc1 $142 Rc6 35. Rxc6 Bxc6+ 36. Kh2) 34... gxf6 (34... Nxf6 $2 35. Rd8+ Ne8 36. Rc1 $19) 35. Rd8+ Kg7 36. Rd6 Nxh3 {Accuracy: White = 45%, Black = 66%.} 0-1

[Event "SVK Extraliga 2019-20"]
[Site "Slovakia"]
[Date "2020.09.04"]
[Round "9"]
[White "Bombek, Peter"]
[Black "Federic, Jozef"]
[Result "1-0"]
[WhiteElo "2169"]
[BlackElo "2240"]
[Annotator "TA"]
[PlyCount "85"]
[EventDate "2019.10.19"]
[EventType "team-tourn"]
[EventCountry "SVK"]
[SourceTitle "playchess.com"]
[Source "ChessBase"]
[SourceQuality "1"]
[WhiteTeam "Dubnica"]
[BlackTeam "Modra"]

{[%evp 13,85,13,34,30,29,37,34,29,32,25,47,32,68,59,81,82,91,94,90,95,85,102,140,55,248,243,251,232,231,232,227,153,170,159,172,123,187,203,276,278,216,216,216,216,216,224,312,306,555,548,502,477,427,329,764,739,1623,1517,1400,1495,2295,1957,1564,1115,1557,1664,29986,29987,29988,29989,29989,29990,29990,29991]} 1. d4 d5 2. c4 e6 3. Nc3 Nf6 4. Bg5 c6 5. e3 Nbd7 6. cxd5 exd5 7. Bd3 h6 8. Bf4 {D35: Queen's Gambit Declined: Exchange Variation.} Be7 9. h3 Nf8 10. Nf3 {White is slightly better.} Ne6 11. Be5 Ng5 12. Qc2 Bd6 {[#]} 13. O-O-O $146 ({Predecessor:} 13. Bxd6 Nxf3+ 14. gxf3 Qxd6 15. O-O-O Be6 16. Kb1 O-O 17. f4 b5 18. Rhg1 a5 19. f5 {1-0 (39) Henin,C-Van Gelder,S Cleveland 1957}) 13... Nxf3 14. gxf3 Bxe5 15. dxe5 Nd7 16. f4 Nc5 17. Rhg1 g5 {[#]} 18. Bf5 ({White should play} 18. Bb5 $1 $16 {[%mdl 512] Strongly threatening Nxd5.} Nd7 (18... cxb5 19. Nxd5) 19. Be2) 18... Qe7 $2 {[#]} ({Better is} 18... Bxf5 $1 $14 19. Qxf5 Qe7) 19. Bxc8 $1 $18 Rxc8 {[#]} 20. b4 $1 Ne4 21. Nxe4 dxe4 22. Qxe4 Rd8 23. Rxd8+ Kxd8 {[%mdl 4096] Endgame KQR-KQR} 24. Qd4+ Kc7 (24... Kc8 $16) 25. Rd1 Rg8 26. Qd6+ Qxd6 27. Rxd6 gxf4 28. exf4 {KR-KR} h5 29. Kd2 b6 30. Ke3 a5 $2 (30... Rd8 31. Rf6 Rd7) 31. bxa5 bxa5 32. Rf6 Rg7 33. Kd4 Kb6 $2 (33... a4 34. Kc5 Kd7) 34. f5 Kb5 35. e6 fxe6 36. fxe6 c5+ 37. Kd5 c4 38. Rf7 Rg5+ 39. Kd6 Rg1 40. Rf5+ {[%mdl 64] Double Attack. White mates.} Kb6 41. e7 Rd1+ 42. Rd5 Re1 43. Re5 {Accuracy: White = 83%, Black = 44%.} 1-0

[Event "SVK Extraliga 2019-20"]
[Site "Slovakia"]
[Date "2020.09.04"]
[Round "9"]
[White "Mrvova, Alena"]
[Black "Varga, Lukas"]
[Result "0-1"]
[WhiteElo "2168"]
[BlackElo "2065"]
[Annotator "ChessBase"]
[PlyCount "94"]
[EventDate "2019.10.19"]
[EventType "team-tourn"]
[EventCountry "SVK"]
[SourceTitle "playchess.com"]
[Source "ChessBase"]
[SourceQuality "1"]
[WhiteTeam "Snina"]
[BlackTeam "Kosice"]
[TimeControl "40/5400+30:1800+30"]

1. e4 {[%emt 0:00:00]} c5 {[%emt 0:00:00]} 2. Nf3 {[%emt 0:00:22]} d6 {[%emt 0:00:00]} 3. d4 {[%emt 0:01:44]} cxd4 {[%emt 0:01:04]} 4. Nxd4 {[%emt 0:00:06]} Nf6 {[%emt 0:02:09]} 5. Nc3 {[%emt 0:00:15]} a6 {[%emt 0:00:04]} 6. Be3 {[%emt 0:00:45]} e5 {[%emt 0:00:13]} 7. Nb3 {[%emt 0:01:40]} Be6 {[%emt 0:01:15]} 8. Qd2 {[%emt 0:08:01]} Be7 {[%emt 0:04:33]} 9. Be2 {[%emt 0:00:26]} Nbd7 {[%emt 0:09:45]} 10. f3 {[%emt 0:03:01]} O-O {[%emt 0:02:33]} 11. O-O {[%emt 0:02:20]} Nb6 {[%emt 0:03:42]} 12. Kh1 {[%emt 0:05:49]} Rc8 {[%emt 0:08:31]} 13. Rfd1 {[%emt 0:01:27]} Qc7 {[%emt 0:04:19]} 14. Qe1 {[%emt 0:01:36]} Nc4 {[%emt 0:06:33]} 15. Bxc4 {[%emt 0:01:12]} Bxc4 {[%emt 0:02:30]} 16. Rac1 {[%emt 0:02:04]} d5 {[%emt 0:04:14]} 17. Nxd5 {[%emt 0:04:08]} Nxd5 {[%emt 0:02:09]} 18. exd5 {[%emt 0:00:28]} Rfd8 {[%emt 0:00:27]} 19. Nd2 {[%emt 0:03:18]} Bxd5 {[%emt 0:01:29]} 20. c4 {[%emt 0:00:59]} Be6 {[%emt 0:02:51]} 21. Qg3 {[%emt 0:03:15]} f5 {[%emt 0:02:49]} 22. Qf2 {[%emt 0:01:23]} Rd3 {[%emt 0:01:04]} 23. b3 {[%emt 0:07:15]} Qd6 {[%emt 0:04:30]} 24. f4 {[%emt 0:05:07]} e4 {[%emt 0:06:59]} 25. Re1 {[%emt 0:01:06]} Qb4 {[%emt 0:02:04]} 26. Nf1 {[%emt 0:03:57]} Rcd8 {[%emt 0:06:52]} 27. Rc2 {[%emt 0:04:28]} Qd6 {[%emt 0:01:49]} 28. Bc1 {[%emt 0:07:00]} Rd1 {[%emt 0:01:22]} 29. Rce2 {[%emt 0:01:17]} Rxe1 {[%emt 0:00:32]} 30. Rxe1 {[%emt 0:00:51]} Bf6 {[%emt 0:00:58]} 31. Ne3 {[%emt 0:01:08]} Qc5 {[%emt 0:01:41]} 32. Qe2 {[%emt 0:02:43]} b5 {[%emt 0:01:01]} 33. Rd1 {[%emt 0:04:23]} Rxd1+ {[%emt 0:00:17]} 34. Qxd1 {[%emt 0:00:16]} bxc4 {[%emt 0:01:30]} 35. bxc4 {[%emt 0:01:01]} Bd4 {[%emt 0:03:51]} 36. Qb3 {[%emt 0:05:06]} Qa5 {[%emt 0:02:16]} 37. Nc2 {[%emt 0:04:08]} h6 {[%emt 0:03:23]} 38. h3 {[%emt 0:00:44]} Qc3 {[%emt 0:02:47]} 39. Be3 {[%emt 0:05:29]} Bf6 {[%emt 0:02:08]} 40. Na3 {[%emt 0:04:28]} Qe1+ {[%emt 0:01:44]} 41. Kh2 {[%emt 0:30:36]} Bh4 {[%emt 0:31:47]} 42. Bd4 {[%emt 0:01:34]} Kh7 {[%emt 0:00:00]} 43. Nc2 {[%emt 0:00:00]} Qf1 {[%emt 0:00:00]} 44. Qb7 {[%emt 0:00:00]} Qxf4+ {[%emt 0:00:00]} 45. Kg1 {[%emt 0:00:00]} Qc1+ {[%emt 0:00:00]} 46. Kh2 {[%emt 0:00:00]} Qg5 {[%emt 0:00:00]} 47. Qxa6 {[%emt 0:00:00]} Bg3+ 0-1

[Event "SVK Extraliga 2019-20"]
[Site "Slovakia"]
[Date "2020.09.04"]
[Round "9"]
[White "Sepesi, Samuel"]
[Black "Klemanic, Emil"]
[Result "1/2-1/2"]
[WhiteElo "2147"]
[BlackElo "2080"]
[Annotator "ChessBase"]
[PlyCount "42"]
[EventDate "2019.10.19"]
[EventType "team-tourn"]
[EventCountry "SVK"]
[SourceTitle "playchess.com"]
[Source "ChessBase"]
[SourceQuality "1"]
[WhiteTeam "Snina"]
[BlackTeam "Kosice"]
[TimeControl "40/5400+30:1800+30"]

1. e4 {[%emt 0:00:00]} d6 {[%emt 0:00:00]} 2. d4 {[%emt 0:00:00]} Nf6 {[%emt 0:00:00]} 3. Nc3 {[%emt 0:00:00]} e5 {[%emt 0:00:00]} 4. Nf3 {[%emt 0:00:13]} Nbd7 {[%emt 0:00:00]} 5. Bc4 {[%emt 0:02:12]} Be7 {[%emt 0:00:00]} 6. O-O {[%emt 0:02:02]} O-O {[%emt 0:00:10]} 7. a4 {[%emt 0:07:17]} c6 8. a5 {[%emt 0:01:44]} Qc7 {[%emt 0:00:31]} 9. Qe2 {[%emt 0:05:43]} Rb8 {[%emt 0:04:29]} 10. Rd1 {[%emt 0:12:13]} b5 {[%emt 0:06:27]} 11. axb6 {[%emt 0:00:18]} axb6 {[%emt 0:00:31]} 12. d5 {[%emt 0:07:39]} b5 {[%emt 0:04:39]} 13. Ba2 {[%emt 0:07:30]} b4 {[%emt 0:02:09]} 14. dxc6 {[%emt 0:00:27]} bxc3 {[%emt 0:00:26]} 15. cxd7 {[%emt 0:00:12]} Bxd7 {[%emt 0:04:41]} 16. bxc3 {[%emt 0:00:20]} Qxc3 {[%emt 0:00:16]} 17. Bg5 {[%emt 0:01:57]} h6 {[%emt 0:06:50]} 18. Bxf6 {[%emt 0:08:24]} Bxf6 {[%emt 0:01:10]} 19. Qd2 {[%emt 0:00:29]} Qxd2 {[%emt 0:05:39]} 20. Rxd2 {[%emt 0:03:17]} Ra8 {[%emt 0:01:26]} 21. Rdd1 {[%emt 0:00:12]} Bc8 {[%emt 0:01:15]} 1/2-1/2

[Event "SVK Extraliga 2019-20"]
[Site "Slovakia"]
[Date "2020.09.04"]
[Round "9"]
[White "Tropp, Lukas"]
[Black "Krak, Tomas"]
[Result "1/2-1/2"]
[WhiteElo "2130"]
[BlackElo "2326"]
[Annotator "TA"]
[PlyCount "55"]
[EventDate "2019.10.19"]
[EventType "team-tourn"]
[EventCountry "SVK"]
[SourceTitle "playchess.com"]
[Source "ChessBase"]
[SourceQuality "1"]
[WhiteTeam "Kosice"]
[BlackTeam "Snina"]

{[%evp 11,55,26,20,17,22,16,34,22,32,19,26,12,23,14,19,-6,-7,-21,-16,-15,-16,-16,-18,-15,0,-22,-22,-40,-28,-40,-18,-16,14,15,22,14,18,3,21,0,32,12,19,0,10,2]} 1. e4 c5 2. Nf3 Nc6 3. Bb5 Nf6 4. e5 Nd5 5. O-O Nc7 6. Bxc6 dxc6 7. d3 {B30: Sicilian: 2...Nc6 3 Bb5, lines without ...g6.} h6 8. Nc3 Bf5 9. Be3 {White is slightly better.} e6 {[#]} 10. Qe2 $146 ({Predecessor:} 10. Ne4 Nd5 11. Bc1 Bxe4 12. dxe4 Nb6 13. Qe2 Qc7 14. b3 {½-½ (14) Melamed,T (2368)-Savina,A (2303) Germany 2012}) 10... Nd5 11. Bd2 Be7 12. Ne4 O-O 13. c4 Nb4 14. Bxb4 cxb4 15. d4 b6 16. Rac1 Qd7 17. c5 bxc5 (17... Bxe4 {looks sharper.} 18. Qxe4 Rac8 19. Qc2 Rfd8 20. Qa4 Qc7) 18. dxc5 Qd5 {[%mdl 64] [#] Double Attack} 19. Rfe1 Bxe4 20. Qxe4 Qxe4 ({Much weaker is} 20... Qxa2 $6 21. Nd4 $16) 21. Rxe4 Rab8 22. Nd4 Rfc8 23. Kf1 Rc7 24. Ke2 a5 25. Nb3 Ra7 26. Rec4 Kf8 27. Nd4 Rc7 28. R1c2 {Accuracy: White = 95%, Black = 88%.} 1/2-1/2